000 00656nam a2200205Ia 4500
003 IN-BaIIA
008 211028s9999 xx 000 0 eng d
040 _cIIA Library
080 _a519.853
_bKUN
100 _aKunzi, Hans Paul
_95139
245 0 _aNonlinear programming
_cHans Paul Kunzi and Wilhelm Krelle
260 _aWaltham
_bBlaisdell Publishing
_c1966
300 _axiv, 240p.
490 _aA blaisdell book in the pure and applied sciences
650 _aNASA thesaurus
650 _aNonlinear programming
_95140
650 _aOperations research
_91657
700 _aKrelle, Wilhelm
_95141
942 _cBK
999 _c2879
_d2879